Micro-Policies on Land tenure in three Villages in Bam Province, Burkina Faso (Record no. 2685)

MARC details
000 -LEADER
fixed length control field 00525nam a22001577a 4500
008 - FIXED-LENGTH DATA ELEMENTS--GENERAL INFORMATION
fixed length control field 230626b xxu||||| |||| 00| 0 eng d
020 ## - INTERNATIONAL STANDARD BOOK NUMBER
International Standard Book Number 1843695340
082 ## - DEWEY DECIMAL CLASSIFICATION NUMBER
Classification number 333.74
Item number NEL
100 ## - MAIN ENTRY--PERSONAL NAME
Titles and words associated with a name Volker Stamm
245 ## - TITLE STATEMENT
Title Micro-Policies on Land tenure in three Villages in Bam Province, Burkina Faso
Remainder of title Local strategies for exchanging land
260 ## - PUBLICATION, DISTRIBUTION, ETC. (IMPRINT)
Name of publisher, distributor, etc. international institute for Environment abd Development
Date of publication, distribution, etc. Dec 2003
300 ## - PHYSICAL DESCRIPTION
Extent 24p
600 ## - SUBJECT ADDED ENTRY--PERSONAL NAME
Titles and other words associated with a name Jean-pierre Sawadogo
700 ## - ADDED ENTRY--PERSONAL NAME
Titles and other words associated with a name Saidou Robert Ouedraogo
942 ## - ADDED ENTRY ELEMENTS (KOHA)
Source of classification or shelving scheme Dewey Decimal Classification
Koha item type Books
Holdings
Withdrawn status Lost status Source of classification or shelving scheme Damaged status Not for loan Home library Current library Date acquired Total Checkouts Full call number Barcode Date last seen Price effective from Koha item type
    Dewey Decimal Classification     County Hall Archives County Hall Archives 06/26/2023   333.3 STA 10010692 06/26/2023 06/26/2023 Books
LIBRARY OPENING HOURS

When the Parliament is sitting: 8.00a.m - 7.00p.m or until the house adjourns
Mondays and Fridays and when the House is on Recess:  8.00a.m - 5.00p.m
Closed on Weekends and Public Holidays

Online Public Access Catalog (OPAC)
Website: http://www.parliament.go.ke
Bunge Library: https://libraryir.parliament.go.ke
Contact: library@parliament.go.ke | Tel no: (254-2)2221291 or 2848000 Ext 5043